Southville International School and Colleges
Your cart is empty.
  • Cart
  • Lists
    Public lists Eva Luna New books Lux_list list_1
    Your lists Log in to create your own lists
  • Log in to your account
  • Your cookies
  • Search history
Southville International School and Colleges
  • Advanced search
  • Recent comments
  • Most popular
  • Libraries

Log in to your account

Log in with GOOGLE


If you do not have an external account, but do have a local account, you can still log in:

  1. Home
  2. MARC view: Tell me the truth about life
Normal view MARC view ISBD view

Tell me the truth about life (Record no. 365305)

[ view plain ]
MARC details
000 -LEADER
fixed length control field 00567nam a22001937a 4500
003 - CONTROL NUMBER IDENTIFIER
control field 0
005 - DATE AND TIME OF LATEST TRANSACTION
control field 20230918084358.0
008 - FIXED-LENGTH DATA ELEMENTS--GENERAL INFORMATION
fixed length control field 230918b xxu||||| |||| 00| 0 eng d
020 ## - INTERNATIONAL STANDARD BOOK NUMBER
International Standard Book Number 978-1-78929-099-8
050 ## - LIBRARY OF CONGRESS CALL NUMBER
Classification number PR 1174
Item number .M38 2019
100 ## - MAIN ENTRY--PERSONAL NAME
Personal name Matthews, Cerys
245 ## - TITLE STATEMENT
Title Tell me the truth about life
Statement of responsibility, etc Cerys Matthews
260 ## - PUBLICATION, DISTRIBUTION, ETC. (IMPRINT)
Place of publication, distribution, etc London
Name of publisher, distributor, etc Michael O'Mara Books Limited
Date of publication, distribution, etc c2019.
300 ## - PHYSICAL DESCRIPTION
Extent 197 pages ;
Dimensions 21cm.
500 ## - GENERAL NOTE
General note Poem-anthology.
504 ## - BIBLIOGRAPHY, ETC. NOTE
Bibliography, etc Includes bibliographical references and index.
654 ## - SUBJECT ADDED ENTRY--FACETED TOPICAL TERM
Focus term Poem-anthology.
942 ## - ADDED ENTRY ELEMENTS (KOHA)
Source of classification or shelving scheme Library of Congress Classification
Koha item type Books
Holdings
Withdrawn status Lost status Source of classification or shelving scheme Damaged status Home library Current library Shelving location Date acquired Source of acquisition Total Checkouts Full call number Barcode Date last seen Price effective from Koha item type
    Library of Congress Classification   Luxembourg Library Luxembourg Library Teachers Reference Section 09/18/2023 Library Fund   PR 1174 .M38 2019 21068 09/18/2023 09/18/2023 Books

Tell me the truth about life

APA

Matthews C., . (2019). Tell me the truth about life. London: Michael O'Mara Books Limited.

Chicago

Matthews Cerys, . 2019. Tell me the truth about life. London: Michael O'Mara Books Limited.

Harvard

Matthews C., . (2019). Tell me the truth about life. London: Michael O'Mara Books Limited.

MLA

Matthews Cerys, . Tell me the truth about life. London: Michael O'Mara Books Limited. 2019.

  • Place hold
  • Print
  • Cite
  • Add to your cart (remove)
  • Save record
    BIBTEX Dublin Core MARCXML MARC (non-Unicode/MARC-8) MARC (Unicode/UTF-8) MARC (Unicode/UTF-8, Standard) MODS (XML) RIS
  • More searches
    Search for this title in:
    Other Libraries (WorldCat) Other Databases (Google Scholar) Online Stores (Bookfinder.com) Open Library (openlibrary.org)

Exporting to Dublin Core...

SOUTHVILLE LIBRARY

Southville International School and Colleges Library

1281 Tropical Ave. Cor. Luxembourg St., BF Homes International, Las Pinas City

Tel. No. 8256374 / 252358 Loc. 117/146

Powered by Koha